| 000 | 02530nam a2200373 a 4500 | ||
|---|---|---|---|
| 001 | ebr10600060 | ||
| 003 | CaPaEBR | ||
| 006 | m u | ||
| 007 | cr cn||||||||| | ||
| 008 | 110915s2011 sz s 000 0 eng d | ||
| 010 | _z 2011038929 | ||
| 020 | _z9783034310734 (pbk.) | ||
| 020 | _z9783034310734 | ||
| 020 | _z9783035102772 (e-book) | ||
| 040 |
_aCaPaEBR _cCaPaEBR |
||
| 035 | _a(OCoLC)813285496 | ||
| 050 | 1 | 4 |
_aK5107 _b.N66 2011eb |
| 082 | 0 | 4 |
_a347/.077 _223 |
| 245 | 0 | 0 |
_aNon-state actors in asset recovery _h[electronic resource] / _cDaniel Thelesklaf, Pedro Gomes Pereira (eds.). |
| 260 |
_aBern ; _aNew York : _bPeter Lang, _cc2011. |
||
| 300 | _axli, 188 p. | ||
| 505 | 0 | _aPreface / Anne Peters -- Introduction / Valentin Zellweger -- A stronger role for non-state actors in the asset recovery process / Pedro Gomes Pereira, Anja Roth, and Kodjo Attisso -- How to turn Article 51 into reality? / Maud Perdriel-Vaissiere -- Links between corruption and organised crime and research gaps / Michael Levi and Nicholas Lord -- Transnational civil asset recovery of the proceeds of crime and corruption : a practical approach / Edward H. Davis -- Non-state actors and value recovery : ganging to create political will / Melvin Ayogu -- Civil society facilitators of asset recovery : the two Swiss cases Mobutu and Abacha / Max Mader -- The role of financial institutions in anti-bribery and anti-corruption efforts / Markus E. Schulz -- The role of donors in supporting NSAs in the asset recovery process / Anne Lugon-Moulin -- "Excellent!" I cried. "Elementary!" said he. Mutual legal assistance and the present challenges faced by the legal community in the never-ending quest for the recovery of stolen assets---the victim's options / Keith Oliver -- Conclusions / Daniel Thelesklaf. | |
| 533 |
_aElectronic reproduction. _bPalo Alto, Calif. : _cebrary, _d2011. _nAvailable via World Wide Web. _nAccess may be limited to ebrary affiliated libraries. |
||
| 630 | 0 | 0 |
_aUnited Nations Convention against Corruption _d(2003) |
| 650 | 0 |
_aForfeiture _xCriminal provisions. |
|
| 650 | 0 | _aNon-state actors (International relations) | |
| 650 | 0 | _aNon-governmental organizations. | |
| 650 | 0 |
_aPolitical corruption _xPrevention. |
|
| 655 | 7 |
_aElectronic books. _2local |
|
| 700 | 1 | _aThelesklaf, Daniel. | |
| 700 | 1 | _aPereira, Pedro Gomes. | |
| 710 | 2 | _aebrary, Inc. | |
| 856 | 4 | 0 |
_uhttp://site.ebrary.com/lib/rucke/Doc?id=10600060 _zAn electronic book accessible through the World Wide Web; click to view |
| 999 |
_c213754 _d213754 |
||